Dimensión económica de la educación / (Record no. 110411)

MARC details
000 -LEADER
campo de control de longitud fija 00487nam a2200157 4500
001 - NÚMERO DE CONTROL
campo de control 110411
003 - IDENTIFICADOR DE NÚMERO DE CONTROL
campo de control ES-MaACL
007 - CAMPO FIJO DE DESCRIPCIÓN FÍSICA--INFORMACIÓN GENERAL
campo de control de longitud fija t|
008 - DATOS DE LONGITUD FIJA--INFORMACIÓN GENERAL
campo de control de longitud fija 061121s1982 sp r ||||1| spa d
100 1# - ENTRADA PRINCIPAL--NOMBRE DE PERSONA
Nombre de persona O'Donoghue, Martin.
9 (RLIN) 86325
245 10 - MENCIÓN DEL TÍTULO
Título Dimensión económica de la educación /
Mención de responsabilidad, etc. Martin O'Donoghue; traducción de José Manuel Vegas.
260 ## - PUBLICACIÓN, DISTRIBUCIÓN, ETC.
Lugar de publicación, distribución, etc. Madrid :
Nombre del editor, distribuidor, etc. Narcea,
Fecha de publicación, distribución, etc. 1982.
300 ## - DESCRIPCIÓN FÍSICA
Extensión 236 p. ;
Dimensiones 25 cm.
700 1# - ENTRADA AGREGADA--NOMBRE PERSONAL
Nombre de persona Vegas, José Manuel.
9 (RLIN) 113641
852 ## - LOCALIZACIÓN
Ubicación ES-MaACL
Número de control de estantería L-3569
Sublocalización o colección R.103798
Holdings
Estatus retirado Estado de pérdida Estado de daño No para préstamo Biblioteca de origen Biblioteca actual Ubicación en estantería Fecha de adquisición Fuente de adquisición Total de préstamos Signatura topográfica completa Código de barras Visto por última vez Precio de reemplazo Tipo de ítem Koha
        Biblioteca del Ateneo de Madrid Biblioteca del Ateneo de Madrid Depósito 2 17/01/2008     L-3569 1115195 23/02/2023 23/02/2023 Libro impreso